000 00509pab a2200169 454500
008 180718b1995 xxu||||| |||| 00| 0 eng d
100 _aKurosaki, Takashi
245 _aRisk and insurance in a household economy: role of livestock in mixed farming in Pakistan
260 _c1995
300 _ap.464-83
362 _aDec
650 _aLivestock - Pakistan
650 _aInsurance, Agricultural - Livestock - Pakistan
650 _aLivestock management
773 _aDeveloping Economies
909 _a30668
999 _c30668
_d30668